000 00528nam a22001937a 4500
003 KOHA_MİRAKIL
005 20250417171218.0
008 250417b tu ||||| |||| 00| 0 tur d
020 _a9789750531552
040 _aTR-AnABB
_btur
_cTR-AnABB
041 _atur
082 _a833.914
_bOHL 2021
100 1 _aOhler, Norman,
245 1 0 _aHarro ile Libertas /
_cNorman Ohler
260 _aİstanbul :
_bİletişim Yayınları,
300 _a376 sayfa
_c20 cm
650 0 4 _aAlman edebiyatı, roman
942 _2ddc
_cBK
999 _c8775
_d8775
900 _bGizem YORULMAZ